[Event "Transnational Rapid"]
[Site "Toronto CAN"]
[Date "2023.06.04"]
[Round "4.8"]
[White "Moradiabadi, E."]
[Black "Reprintsev, A."]
[Result "1/2-1/2"]
[WhiteElo "2520"]
[BlackElo "2238"]
[PlyCount "87"]
[EventDate "2023.06.03"]
[EventType "swiss (rapid)"]
[EventRounds "11"]
[EventCountry "CAN"]
[Source "Mark Crowther"]
[SourceDate "2023.06.12"]

1. Nf3 Nc6 2. c4 e5 3. Nc3 Bb4 4. Qc2 Nf6 5. e3 d6 6. Be2 Bg4 7. d3 O-O 8. Bd2
d5 9. cxd5 Nxd5 10. a3 Nxc3 11. bxc3 Bd6 12. h3 Be6 13. e4 Na5 14. Rb1 h6 15.
O-O c5 16. Nh2 Qc7 17. Bg4 c4 18. Bxe6 fxe6 19. Ng4 Rad8 20. d4 Nb3 21. Be3
exd4 22. cxd4 h5 23. Nh6+ gxh6 24. e5 b5 25. exd6 Qg7 26. Rxb3 cxb3 27. Qxb3
Rxd6 28. Qxb5 Rd5 29. Qc6 Qd7 30. Qc1 Rc8 31. Qd2 Qg7 32. Bxh6 Qxd4 33. Qe2 Qf6
34. Be3 a5 35. Re1 Kh7 36. Rb1 Rc7 37. g3 Rcd7 38. h4 Qf5 39. Re1 Qg4 40. Qc2+
Qf5 41. Qc1 Qg4 42. Qc2+ Qf5 43. Qe2 Qg4 44. Qc2+ 1/2-1/2

[Event "Transnational Rapid"]
[Site "Toronto CAN"]
[Date "2023.06.04"]
[Round "5.1"]
[White "Matviishen, Viktor"]
[Black "Cruz, Cr"]
[Result "0-1"]
[WhiteElo "2538"]
[BlackElo "2522"]
[PlyCount "162"]
[EventDate "2023.06.03"]
[EventType "swiss (rapid)"]
[EventRounds "11"]
[EventCountry "CAN"]
[Source "Mark Crowther"]
[SourceDate "2023.06.12"]

1. d4 e6 2. c4 d5 3. Nc3 a6 4. cxd5 exd5 5. Nf3 Nf6 6. Bg5 Be6 7. e3 c6 8. Qb3
b5 9. Bxf6 Qxf6 10. a4 b4 11. Ne2 Nd7 12. Nf4 Bd6 13. Rc1 Bxf4 14. exf4 Qxf4
15. Rxc6 O-O 16. Qe3 Qxe3+ 17. fxe3 Rfc8 18. Rxc8+ Rxc8 19. Kd2 Bf5 20. Ne1 Nf6
21. Bxa6 Ne4+ 22. Ke2 Bg4+ 23. Kf1 Rc1 24. Bb7 Nd2+ 25. Kf2 Ne4+ 26. Kf1 Be6
27. a5 Bd7 28. g4 Ra1 29. Bxd5 Nf6 30. Bc4 Rxa5 31. h3 Ne4 32. Rh2 Ra1 33. Bd3
Nd6 34. Rc2 g6 35. e4 Bb5 36. Bxb5 Nxb5 37. Rc4 Nd6 38. Rxb4 Nxe4 39. d5 Nc5
40. Rd4 Kf8 41. b4 Nd7 42. Ke2 Ra2+ 43. Rd2 Ra3 44. Nf3 Rb3 45. Rd4 Ke7 46. d6+
Ke6 47. Ng5+ Ke5 48. Rd2 f6 49. Nf3+ Kf4 50. Rd4+ Kg3 51. Nd2 Rb2 52. Rd3+ Kf4
53. Re3 Rxb4 54. Re7 Ne5 55. Rxh7 Rd4 56. Nb3 Rxd6 57. Nc5 Rc6 58. Nd3+ Nxd3
59. Kxd3 Re6 60. Rg7 g5 61. Rh7 Re3+ 62. Kd4 Re1 63. Kd5 Kg3 64. Rh6 Rh1 65.
Rxf6 Rxh3 66. Ke4 Kxg4 67. Rf1 Kh4 68. Kf5 g4 69. Kf4 Rh2 70. Ke3 Kg3 71. Rg1+
Kh3 72. Rf1 Ra2 73. Rf8 Kg2 74. Rg8 g3 75. Rc8 Ra3+ 76. Ke2 Ra7 77. Re8 Kg1 78.
Kf3 g2 79. Rg8 Rf7+ 80. Ke2 Re7+ 81. Kf3 Kf1 0-1

[Event "Transnational Rapid"]
[Site "Toronto CAN"]
[Date "2023.06.04"]
[Round "5.6"]
[White "Kantans, T."]
[Black "Sambuev, Bator"]
[Result "1/2-1/2"]
[WhiteElo "2486"]
[BlackElo "2448"]
[PlyCount "126"]
[EventDate "2023.06.03"]
[EventType "swiss (rapid)"]
[EventRounds "11"]
[EventCountry "CAN"]
[Source "Mark Crowther"]
[SourceDate "2023.06.12"]

1. e4 e5 2. Nf3 Nc6 3. Bb5 a6 4. Ba4 d6 5. c4 Bg4 6. h3 Bxf3 7. Qxf3 Nf6 8. Nc3
Be7 9. d3 Nd7 10. Be3 Bg5 11. O-O O-O 12. Qh5 Bxe3 13. fxe3 Nc5 14. Bxc6 bxc6
15. d4 Ne6 16. Rad1 Qg5 17. Qxg5 Nxg5 18. d5 cxd5 19. exd5 h6 20. b4 f5 21. Rd2
g6 22. a4 Nh7 23. b5 axb5 24. cxb5 Nf6 25. Rb2 Nd7 26. Rb4 Nb6 27. g4 Kg7 28.
Kg2 h5 29. gxf5 gxf5 30. Kg3 Rf6 31. Ra1 Ra5 32. Kh4 Kh6 33. Rg1 Ra8 34. Rg5 f4
35. exf4 Rxf4+ 36. Rxf4 exf4 37. Rxh5+ Kg6 38. Rg5+ Kf6 39. Kg4 Nxa4 40. Ne4+
Kf7 41. Kxf4 Rb8 42. Rf5+ Ke7 43. h4 Rxb5 44. h5 Rb1 45. Ng3 Rb8 46. h6 Rh8 47.
Rg5 Rh7 48. Nf5+ Kf6 49. Ne3 Nb6 50. Ng4+ Kf7 51. Rf5+ Ke7 52. Kg5 Rh8 53. Nf6
Kf7 54. Nh5+ Ke7 55. Kg6 Rg8+ 56. Ng7 Nd7 57. h7 Nf8+ 58. Kh6 Rh8 59. Rxf8 Rxf8
60. Ne6 Rh8 61. Kg7 Rxh7+ 62. Kxh7 c6 63. Kg6 cxd5 1/2-1/2

[Event "Transnational Rapid"]
[Site "Toronto CAN"]
[Date "2023.06.04"]
[Round "5.7"]
[White "Jaferian, K."]
[Black "Lenderman, A."]
[Result "1/2-1/2"]
[WhiteElo "2201"]
[BlackElo "2566"]
[PlyCount "97"]
[EventDate "2023.06.03"]
[EventType "swiss (rapid)"]
[EventRounds "11"]
[EventCountry "CAN"]
[Source "Mark Crowther"]
[SourceDate "2023.06.12"]

1. e4 c5 2. Nc3 Nc6 3. Bb5 Nd4 4. Nf3 a6 5. Bd3 g6 6. Nxd4 cxd4 7. Ne2 d5 8. c3
dxe4 9. Bxe4 Nf6 10. Bf3 d3 11. Ng3 Bg7 12. O-O O-O 13. b3 e5 14. Bb2 Re8 15.
Re1 h5 16. c4 h4 17. Ne4 Nxe4 18. Bxe4 f5 19. Bd5+ Kh7 20. Re3 e4 21. Bxg7 Kxg7
22. f3 Qb6 23. Kh1 Be6 24. Bxe6 Qxe6 25. Qe1 g5 26. Qf2 Qb6 27. f4 Qf6 28. Rf1
g4 29. Ree1 Rad8 30. Qc5 Rd7 31. Re3 Kg6 32. Kg1 Qd6 33. Qxd6+ Rxd6 34. Kf2 Rc8
35. Rc1 Rdc6 36. a4 b5 37. axb5 axb5 38. Ree1 bxc4 39. bxc4 g3+ 40. hxg3 hxg3+
41. Kxg3 Rxc4 42. Rxc4 Rxc4 43. Kf2 Kh5 44. Ke3 Kg4 45. Rh1 Rc8 46. Rh7 Rg8 47.
Rh3 Rg6 48. Rh8 Rg7 49. Rh3 1/2-1/2

[Event "Transnational Rapid"]
[Site "Toronto CAN"]
[Date "2023.06.04"]
[Round "5.8"]
[White "Szabo, G ROM."]
[Black "Bareev, Evgeny"]
[Result "1-0"]
[WhiteElo "2504"]
[BlackElo "2631"]
[PlyCount "55"]
[EventDate "2023.06.03"]
[EventType "swiss (rapid)"]
[EventRounds "11"]
[EventCountry "CAN"]
[Source "Mark Crowther"]
[SourceDate "2023.06.12"]

1. e4 e5 2. Nf3 Nf6 3. Nc3 Nc6 4. d4 exd4 5. Nxd4 Bb4 6. Nxc6 bxc6 7. Bd3 O-O
8. O-O d5 9. exd5 cxd5 10. h3 h6 11. Qf3 c6 12. Bf4 Re8 13. Rfe1 Rxe1+ 14. Rxe1
Be6 15. Rd1 Qe7 16. Ne2 c5 17. Ng3 Re8 18. c3 Ba5 19. Re1 Qd8 20. Nh5 Nxh5 21.
Qxh5 Bc7 22. Bxc7 Qxc7 23. Qxd5 Kf8 24. Qf3 Bxa2 25. Rxe8+ Kxe8 26. c4 a5 27.
b4 axb4 28. Qe2+ 1-0

[Event "Transnational Rapid"]
[Site "Toronto CAN"]
[Date "2023.06.04"]
[Round "6.3"]
[White "Liang, Awonder"]
[Black "Matviishen, Viktor"]
[Result "0-1"]
[WhiteElo "2651"]
[BlackElo "2538"]
[PlyCount "42"]
[EventDate "2023.06.03"]
[EventType "swiss (rapid)"]
[EventRounds "11"]
[EventCountry "CAN"]
[Source "Mark Crowther"]
[SourceDate "2023.06.12"]

1. b4 d5 2. Bb2 Bg4 3. h4 h6 4. a3 Nd7 5. f3 Bf5 6. e3 e6 7. c4 a5 8. b5 Bd6 9.
Kf2 dxc4 10. e4 Be5 11. Bc3 Bh7 12. Bxc4 Bxc3 13. dxc3 Ngf6 14. Nh3 O-O 15. Qd4
e5 16. Qe3 Bxe4 17. Nd2 Bf5 18. g4 Be6 19. g5 Bxc4 20. gxf6 Qxf6 21. Nxc4 Qxh4+
0-1

[Event "Transnational Rapid"]
[Site "Toronto CAN"]
[Date "2023.06.04"]
[Round "6.4"]
[White "Neiksans, A."]
[Black "Reprintsev, A."]
[Result "1-0"]
[WhiteElo "2605"]
[BlackElo "2238"]
[PlyCount "117"]
[EventDate "2023.06.03"]
[EventType "swiss (rapid)"]
[EventRounds "11"]
[EventCountry "CAN"]
[Source "Mark Crowther"]
[SourceDate "2023.06.12"]

1. e4 e5 2. Nf3 Nc6 3. Bc4 Nf6 4. d3 h6 5. O-O d6 6. a4 g6 7. a5 Bg7 8. Re1 O-O
9. Nc3 Bd7 10. Nd5 Nxd5 11. Bxd5 Nxa5 12. b4 Nc6 13. b5 Ne7 14. Bxb7 Rb8 15.
Rxa7 Bxb5 16. Be3 c5 17. Qa1 Nc8 18. Bxc8 Qxc8 19. h3 Bd7 20. Nd2 Be6 21. Rb1
Rxb1+ 22. Qxb1 f5 23. f3 Rf7 24. Rxf7 Bxf7 25. Qb6 Bf8 26. c4 Kg7 27. Nb1 Qa8
28. Qb2 Qa5 29. Nc3 Be7 30. Bd2 Bh4 31. Kh2 Qa7 32. Nb5 Qa6 33. g3 Be7 34. exf5
gxf5 35. f4 Bf6 36. Bc3 Kg6 37. h4 Qa8 38. Nxd6 Be6 39. Bxe5 Be7 40. Qe2 Qc6
41. Nb5 Bc8 42. Na7 Qb7 43. Nxc8 Qxc8 44. h5+ Kf7 45. Qf3 Kf8 46. Qd5 Qe8 47.
Qf3 Qa4 48. Kh3 Qc2 49. g4 fxg4+ 50. Kxg4 Qc1 51. Kf5 Qg1 52. Ke6 Qg8+ 53. Kd7
Qf7 54. Qd5 Qf5+ 55. Kc7 Qg4 56. Bd6 Bxd6+ 57. Qxd6+ Kg8 58. Qd8+ Kf7 59. Qd7+
1-0

[Event "Transnational Rapid"]
[Site "Toronto CAN"]
[Date "2023.06.04"]
[Round "6.6"]
[White "Kantans, T."]
[Black "Meshkovs, Nikita"]
[Result "1-0"]
[WhiteElo "2486"]
[BlackElo "2573"]
[PlyCount "136"]
[EventDate "2023.06.03"]
[EventType "swiss (rapid)"]
[EventRounds "11"]
[EventCountry "CAN"]
[Source "Mark Crowther"]
[SourceDate "2023.06.12"]

1. e4 c5 2. Nf3 Nc6 3. Bb5 e6 4. b3 Nge7 5. Bb2 a6 6. Bxc6 Nxc6 7. O-O b5 8.
Na3 d6 9. d4 cxd4 10. Nxd4 Bb7 11. c4 Be7 12. cxb5 Nxd4 13. Qxd4 Bf6 14. Qd2
Bxe4 15. Bxf6 gxf6 16. Rfe1 d5 17. f3 Bg6 18. Kh1 O-O 19. bxa6 Qb6 20. Nc2 Rxa6
21. Ne3 h5 22. f4 d4 23. Nc4 Qa7 24. Qf2 Rb8 25. Nd2 Rxa2 26. Rxa2 Qxa2 27. f5
exf5 28. Qxd4 Qa5 29. Nf3 Kg7 30. Qb2 Rb4 31. h3 Qb6 32. Nd2 f4 33. Qc3 Rd4 34.
Nc4 Qc5 35. Qf3 Qg5 36. Rf1 Be4 37. Qf2 Rd3 38. Kh2 Qg3+ 39. Kg1 Bd5 40. Nd2 h4
41. b4 Bc6 42. Nc4 Qg5 43. Kh2 Rg3 44. Rg1 Qd5 45. Nd2 Qe5 46. Nf3 Bxf3 47.
gxf3 Qf5 48. Qf1 Qc2+ 49. Rg2 Qb3 50. b5 Kh7 51. Rf2 Rg5 52. Qe1 Qxb5 53. Qe4+
Rf5 54. Rg2 Qe5 55. Rg4 Qxe4 56. fxe4 Rh5 57. Rxf4 Kg6 58. Rg4+ Kh7 59. Rf4 Kg7
60. Rg4+ Kf8 61. Rf4 Ke7 62. Kg2 Ke6 63. Kf3 f5 64. Ke3 fxe4 65. Kxe4 Ra5 66.
Kf3 Rf5 67. Kg4 Rxf4+ 68. Kxf4 Kd5 1-0

[Event "Transnational Rapid"]
[Site "Toronto CAN"]
[Date "2023.06.04"]
[Round "6.7"]
[White "Sambuev, Bator"]
[Black "Sai, KG."]
[Result "0-1"]
[WhiteElo "2448"]
[BlackElo "2376"]
[PlyCount "116"]
[EventDate "2023.06.03"]
[EventType "swiss (rapid)"]
[EventRounds "11"]
[EventCountry "CAN"]
[Source "Mark Crowther"]
[SourceDate "2023.06.12"]

1. d4 Nf6 2. c4 g6 3. Nc3 Bg7 4. e4 d6 5. Be2 O-O 6. h4 h5 7. Nf3 c5 8. d5 b5
9. cxb5 a6 10. a4 axb5 11. Bxb5 Ba6 12. Bg5 Qa5 13. O-O Nbd7 14. Ra3 Rfb8 15.
Qc2 Qd8 16. Rfa1 Ng4 17. Qe2 Bb7 18. a5 Ra7 19. a6 Bc8 20. R1a2 Nde5 21. Nd2
Qb6 22. Ra5 f5 23. Nc4 Nxc4 24. Bxc4 Bxc3 25. bxc3 Qb1+ 26. Qf1 Qxf1+ 27. Kxf1
fxe4 28. Rb5 Rba8 29. Rb6 Ne5 30. Bb5 Nd7 31. Rc6 Ne5 32. Rxc8+ Rxc8 33. c4 Nd3
34. Bd2 e6 35. dxe6 Kf8 36. Bg5 Nb4 37. Ra3 d5 38. e7+ Rxe7 39. Bxe7+ Kxe7 40.
a7 Ra8 41. cxd5 Kd6 42. Bc4 Nxd5 43. Ra6+ Ke5 44. Rxg6 Nc7 45. Be2 Rxa7 46.
Bxh5 Ra1+ 47. Ke2 Ra2+ 48. Ke1 Ra1+ 49. Bd1 Nd5 50. Rg8 e3 51. Re8+ Kd4 52.
fxe3+ Nxe3 53. Rd8+ Ke4 54. h5 Nxg2+ 55. Kf2 Ra2+ 56. Kg3 Ne3 57. Bf3+ Kf5 58.
h6 Nf1+ 0-1

[Event "Transnational Rapid"]
[Site "Toronto CAN"]
[Date "2023.06.04"]
[Round "6.8"]
[White "Szabo, G ROM."]
[Black "Jaferian, K."]
[Result "1/2-1/2"]
[WhiteElo "2504"]
[BlackElo "2201"]
[PlyCount "49"]
[EventDate "2023.06.03"]
[EventType "swiss (rapid)"]
[EventRounds "11"]
[EventCountry "CAN"]
[Source "Mark Crowther"]
[SourceDate "2023.06.12"]

1. e4 e5 2. Nf3 Nc6 3. d4 exd4 4. Nxd4 Nf6 5. Nc3 Bb4 6. Nxc6 bxc6 7. Bd3 d5 8.
exd5 O-O 9. O-O Bg4 10. f3 Bh5 11. Bg5 cxd5 12. Kh1 c6 13. Ne2 Bg6 14. Nd4 Qd6
15. Nb3 Bxd3 16. cxd3 Qe5 17. Qc1 Rfc8 18. f4 Qf5 19. Nd4 Qxd3 20. Bxf6 gxf6
21. Nxc6 Qb5 22. Nxa7 Rxc1 23. Nxb5 Rxf1+ 24. Rxf1 Rxa2 25. Rb1 1/2-1/2

[Event "Transnational Rapid"]
[Site "Toronto CAN"]
[Date "2023.06.04"]
[Round "7.1"]
[White "Bruzon Batista, L."]
[Black "Cruz, Cr"]
[Result "1/2-1/2"]
[WhiteElo "2617"]
[BlackElo "2522"]
[PlyCount "54"]
[EventDate "2023.06.03"]
[EventType "swiss (rapid)"]
[EventRounds "11"]
[EventCountry "CAN"]
[Source "Mark Crowther"]
[SourceDate "2023.06.12"]

1. e4 e6 2. d4 d5 3. e5 c5 4. c3 Qb6 5. Nf3 Bd7 6. Bd3 Bb5 7. dxc5 Bxc5 8. b4
Bxd3 9. Qxd3 Be7 10. O-O Nd7 11. a4 Rc8 12. Na3 a6 13. Bd2 Qc7 14. Rfe1 Nh6 15.
a5 O-O 16. Rac1 Nf5 17. c4 dxc4 18. Nxc4 Qd8 19. Qe4 b5 20. Ne3 Nxe3 21. Bxe3
Nb8 22. Rcd1 Qc7 23. Rc1 Qd7 24. Rcd1 Qc7 25. Rc1 Qd7 26. Rcd1 Qc7 27. Bg5 h6
1/2-1/2

[Event "Transnational Rapid"]
[Site "Toronto CAN"]
[Date "2023.06.04"]
[Round "7.2"]
[White "Matviishen, Viktor"]
[Black "Moradiabadi, E."]
[Result "1/2-1/2"]
[WhiteElo "2538"]
[BlackElo "2520"]
[PlyCount "77"]
[EventDate "2023.06.03"]
[EventType "swiss (rapid)"]
[EventRounds "11"]
[EventCountry "CAN"]
[Source "Mark Crowther"]
[SourceDate "2023.06.12"]

1. d4 Nf6 2. c4 e6 3. Nc3 Bb4 4. e3 b6 5. Nge2 Ba6 6. a3 Be7 7. Nf4 O-O 8. d5
Bd6 9. Be2 c6 10. e4 Qc7 11. g3 Be5 12. O-O Bxc3 13. d6 Qd8 14. bxc3 Nxe4 15.
Nh5 Nxc3 16. Qc2 Nxe2+ 17. Qxe2 f6 18. Qg4 Rf7 19. Qe4 f5 20. Qe2 c5 21. Bb2
Nc6 22. h4 Qf8 23. Rfd1 Re8 24. Nf4 Bb7 25. Be5 Nxe5 26. Qxe5 g6 27. a4 Qg7 28.
Nd3 Qh6 29. Qf4 Qh5 30. Ne5 Rg7 31. Qg5 Rf8 32. a5 Qe2 33. Re1 Qb2 34. axb6
axb6 35. Rab1 Qd4 36. Rbd1 Qb2 37. Rb1 Qd4 38. Rbd1 Qb2 39. Rb1 1/2-1/2

[Event "Transnational Rapid"]
[Site "Toronto CAN"]
[Date "2023.06.04"]
[Round "7.5"]
[White "Jaferian, K."]
[Black "Kantans, T."]
[Result "0-1"]
[WhiteElo "2201"]
[BlackElo "2486"]
[PlyCount "76"]
[EventDate "2023.06.03"]
[EventType "swiss (rapid)"]
[EventRounds "11"]
[EventCountry "CAN"]
[Source "Mark Crowther"]
[SourceDate "2023.06.12"]

1. e4 c5 2. Nc3 Nc6 3. Bb5 Qc7 4. Nf3 Nf6 5. O-O Nd4 6. Re1 a6 7. Bf1 d6 8.
Nxd4 cxd4 9. Ne2 e5 10. d3 Be7 11. c3 dxc3 12. bxc3 O-O 13. h3 b5 14. Be3 d5
15. f3 Rd8 16. Qb3 Be6 17. Qb2 dxe4 18. dxe4 Qa5 19. Nc1 Ba3 20. Qc2 Rac8 21.
Bd2 Qb6+ 22. Kh2 b4 23. c4 a5 24. Be3 Qc7 25. Nb3 Bxc4 26. Bxc4 Qxc4 27. Qxc4
Rxc4 28. Nxa5 Rc3 29. Bg5 Ra8 30. Rad1 h6 31. Bxf6 Rxa5 32. Be7 Rc2 33. Rd8+
Kh7 34. Rb8 Bc1 35. Rxb4 Raxa2 36. Kg3 Rxg2+ 37. Kh4 Bg5+ 38. Bxg5 hxg5+ 0-1

[Event "Transnational Rapid"]
[Site "Toronto CAN"]
[Date "2023.06.04"]
[Round "7.6"]
[White "Cervantes Landeiro, Thalia"]
[Black "Lenderman, A."]
[Result "0-1"]
[WhiteElo "2271"]
[BlackElo "2566"]
[PlyCount "46"]
[EventDate "2023.06.03"]
[EventType "swiss (rapid)"]
[EventRounds "11"]
[EventCountry "CAN"]
[Source "Mark Crowther"]
[SourceDate "2023.06.12"]

1. d4 e6 2. c4 b6 3. e4 Bb4+ 4. Nc3 Bb7 5. Bd3 f5 6. exf5 Bxg2 7. Qh5+ Kf8 8.
Bg5 Nf6 9. Qh4 Bxh1 10. Nge2 Bf3 11. Nf4 Bxc3+ 12. bxc3 exf5 13. Bxf5 Kg8 14.
Kf1 h6 15. Qh3 Be4 16. Be6+ dxe6 17. Qxe6+ Kh7 18. Bxf6 Qe8 19. Be7 Qc6 20. Qf7
Bg6 21. Nxg6 Qxg6 22. Qf3 Nc6 23. Bh4 Rhf8 0-1

[Event "Transnational Rapid"]
[Site "Toronto CAN"]
[Date "2023.06.04"]
[Round "7.7"]
[White "Liang, Awonder"]
[Black "Szabo, G ROM."]
[Result "1-0"]
[WhiteElo "2651"]
[BlackElo "2504"]
[PlyCount "57"]
[EventDate "2023.06.03"]
[EventType "swiss (rapid)"]
[EventRounds "11"]
[EventCountry "CAN"]
[Source "Mark Crowther"]
[SourceDate "2023.06.12"]

1. h4 e5 2. c4 c6 3. d4 exd4 4. Nf3 d5 5. Qxd4 Nf6 6. Nc3 Na6 7. Bg5 Be7 8.
O-O-O Nc7 9. cxd5 Ncxd5 10. e4 Nxc3 11. Qxc3 Qc7 12. Bc4 O-O 13. Bxf6 Bxf6 14.
e5 Be7 15. Ng5 Bf5 16. g4 Bxg4 17. Rdg1 Bxg5+ 18. hxg5 Bf5 19. g6 hxg6 20. Rxg6
Rfe8 21. Rg5 Qxe5 22. Qxe5 Rxe5 23. Rgh5 Kf8 24. Rh8+ Ke7 25. Rxa8 Rc5 26. b3
b5 27. Rxa7+ Kd6 28. Rd1+ Ke5 29. Ra5 1-0

[Event "Transnational Rapid"]
[Site "Toronto CAN"]
[Date "2023.06.04"]
[Round "7.8"]
[White "Ortiz Suarez, I."]
[Black "Sambuev, Bator"]
[Result "1-0"]
[WhiteElo "2503"]
[BlackElo "2448"]
[PlyCount "127"]
[EventDate "2023.06.03"]
[EventType "swiss (rapid)"]
[EventRounds "11"]
[EventCountry "CAN"]
[Source "Mark Crowther"]
[SourceDate "2023.06.12"]

1. e4 e5 2. Nf3 Nc6 3. Bc4 Nf6 4. d3 h6 5. O-O d6 6. c3 g6 7. Re1 Bg7 8. Nbd2
O-O 9. h3 Na5 10. Bb5 Bd7 11. Ba4 Bxa4 12. Qxa4 Nc6 13. Nf1 d5 14. Be3 Qd7 15.
Rad1 Rad8 16. Qc2 Rfe8 17. Ng3 a5 18. a3 Qe6 19. b4 dxe4 20. dxe4 Qc4 21. Nd2
Qd3 22. Qb3 axb4 23. axb4 Qb5 24. Nc4 Rxd1 25. Rxd1 Rd8 26. Na3 Rxd1+ 27. Qxd1
Qa6 28. Bc1 Qa8 29. Nb5 Qa1 30. Qc2 Ne8 31. Kh2 h5 32. Qd2 Bf8 33. Na3 Nd6 34.
f3 Na7 35. Ne2 Nac8 36. c4 Ne7 37. Bb2 Bh6 38. Qc3 Qd1 39. Qxe5 Kf8 40. Nc3 Qd2
41. Qh8+ Ng8 42. Nd5 c6 43. Be5 Ne8 44. Nb1 Qe1 45. Nbc3 cxd5 46. Nxd5 Be3 47.
Nxe3 Qxe3 48. c5 f6 49. Bg3 Kf7 50. e5 Ne7 51. exf6 Nxf6 52. Qb8 Nfd5 53. Qxb7
g5 54. c6 h4 55. Bd6 Ke6 56. Qd7+ Kf6 57. c7 Qe6 58. Bxe7+ Nxe7 59. Qd8 Kf5 60.
Qxe7 Qxe7 61. c8=Q+ Kf6 62. Qc6+ Kg7 63. Qc5 Qf6 64. Qc7+ 1-0

[Event "Transnational Rapid"]
[Site "Toronto CAN"]
[Date "2023.06.04"]
[Round "8.1"]
[White "Cruz, Cr"]
[Black "Neiksans, A."]
[Result "1/2-1/2"]
[WhiteElo "2522"]
[BlackElo "2605"]
[PlyCount "191"]
[EventDate "2023.06.03"]
[EventType "swiss (rapid)"]
[EventRounds "11"]
[EventCountry "CAN"]
[Source "Mark Crowther"]
[SourceDate "2023.06.12"]

1. c4 e5 2. Nc3 Nf6 3. e3 d5 4. cxd5 Nxd5 5. Nf3 Nxc3 6. bxc3 Bd6 7. d4 Nd7 8.
Be2 O-O 9. O-O Qe7 10. Nd2 b6 11. Bf3 Rb8 12. Re1 Nf6 13. Nc4 Rd8 14. a4 Ba6
15. Nxd6 cxd6 16. e4 Bc4 17. a5 Qc7 18. axb6 axb6 19. Bg5 Qe7 20. h3 h6 21. Be3
b5 22. Qb1 Ra8 23. Qb4 Qc7 24. Rxa8 Rxa8 25. dxe5 dxe5 26. Rd1 Qb7 27. Qd6 Re8
28. Bxh6 Nxe4 29. Bxe4 Qxe4 30. Be3 Ra8 31. Qd7 Qc2 32. Rc1 Qg6 33. Qg4 Qxg4
34. hxg4 Ra2 35. g5 Kh7 36. Bc5 Kg6 37. Re1 Be2 38. Bd6 Kf5 39. f3 Rc2 40. Bf8
Kxg5 41. Bxg7 f6 42. Bf8 Bc4 43. Be7 Kf5 44. Bb4 Ke6 45. Kh2 f5 46. Bf8 Be2 47.
Bg7 e4 48. Kg3 Bd3 49. Bd4 Kd5 50. Bf6 Kc4 51. Be5 Ra2 52. Bf6 Be2 53. Kf4 Bd3
54. g4 fxg4 55. fxe4 Rf2+ 56. Kg5 g3 57. Bd4 Rf8 58. e5 g2 59. e6 Rf1 60. Re5
g1=Q+ 61. Bxg1 Rxg1+ 62. Kf6 Rf1+ 63. Kg7 Rg1+ 64. Kf6 Rf1+ 65. Kg7 Rg1+ 66.
Kf6 Bg6 67. Re3 Be8 68. Ke7 Bg6 69. Kf6 Be8 70. Ke7 Rg8 71. Kd6 Rh8 72. Rf3 Rg8
73. Re3 Bh5 74. Rh3 Bg4 75. Rh4 Kxc3 76. e7 Be2 77. Rf4 Bh5 78. Rf8 Rg6+ 79.
Ke5 Rg1 80. Rh8 Re1+ 81. Kd6 Bg6 82. Rg8 Bf7 83. Rf8 Bg6 84. Rg8 Bh5 85. Rh8
Bf7 86. Rf8 Bg6 87. Rg8 Rd1+ 88. Kc7 Bf7 89. Rf8 Bh5 90. Rh8 Bg6 91. Rg8 Re1
92. Kd6 Rd1+ 93. Kc7 Bf7 94. Rf8 Bh5 95. Rh8 Re1 96. Kd6 1/2-1/2

[Event "Transnational Rapid"]
[Site "Toronto CAN"]
[Date "2023.06.04"]
[Round "8.2"]
[White "Kantans, T."]
[Black "Bruzon Batista, L."]
[Result "1-0"]
[WhiteElo "2486"]
[BlackElo "2617"]
[PlyCount "75"]
[EventDate "2023.06.03"]
[EventType "swiss (rapid)"]
[EventRounds "11"]
[EventCountry "CAN"]
[Source "Mark Crowther"]
[SourceDate "2023.06.12"]

1. e4 e5 2. Nf3 Nc6 3. d4 exd4 4. Nxd4 Nf6 5. Nxc6 bxc6 6. e5 Qe7 7. Qe2 Nd5 8.
c4 Nb6 9. h4 Qe6 10. g3 Bb7 11. b3 a5 12. Bh3 Bb4+ 13. Bd2 Qe7 14. O-O O-O 15.
Re1 Rae8 16. Bxb4 axb4 17. a4 bxa3 18. Rxa3 Ra8 19. Rxa8 Rxa8 20. Qd2 h6 21.
Bg2 Ra1 22. Qc3 Ra2 23. Nd2 d5 24. c5 Nd7 25. b4 Ba6 26. Nb3 Nf8 27. Nd4 Qd7
28. e6 fxe6 29. Bh3 Qf7 30. f4 Qf6 31. Bxe6+ Nxe6 32. Rxe6 Qf7 33. Qe1 Bd3 34.
Re8+ Kh7 35. Ne6 Kg6 36. Qe5 Qf6 37. h5+ Kf7 38. Nd8+ 1-0

[Event "Transnational Rapid"]
[Site "Toronto CAN"]
[Date "2023.06.04"]
[Round "8.4"]
[White "Moradiabadi, E."]
[Black "Liang, Awonder"]
[Result "0-1"]
[WhiteElo "2520"]
[BlackElo "2651"]
[PlyCount "72"]
[EventDate "2023.06.03"]
[EventType "swiss (rapid)"]
[EventRounds "11"]
[EventCountry "CAN"]
[Source "Mark Crowther"]
[SourceDate "2023.06.12"]

1. d4 e6 2. e4 h6 3. h4 d5 4. e5 c5 5. c3 Nc6 6. Nf3 Qb6 7. h5 Bd7 8. a3 c4 9.
Nbd2 Na5 10. a4 Ne7 11. Be2 Qc7 12. Qc2 O-O-O 13. O-O Kb8 14. Re1 Nec6 15. Bd1
f5 16. exf6 gxf6 17. Nh4 Bd6 18. Ng6 Rhg8 19. b4 cxb3 20. Nxb3 Nc4 21. Bxh6 e5
22. dxe5 fxe5 23. Bg5 Rde8 24. Nd2 N6a5 25. Nxc4 Nxc4 26. Qd3 Be6 27. Rb1 Qf7
28. Qf3 Bf5 29. Bb3 e4 30. Qd1 Bc5 31. Bxc4 dxc4 32. Be3 Bxg6 33. Bxc5 Bxh5 34.
Bd6+ Ka8 35. Qd4 Rg4 36. g3 Rxg3+ 0-1

[Event "Transnational Rapid"]
[Site "Toronto CAN"]
[Date "2023.06.04"]
[Round "8.5"]
[White "Lenderman, A."]
[Black "Ortiz Suarez, I."]
[Result "1-0"]
[WhiteElo "2566"]
[BlackElo "2503"]
[PlyCount "75"]
[EventDate "2023.06.03"]
[EventType "swiss (rapid)"]
[EventRounds "11"]
[EventCountry "CAN"]
[Source "Mark Crowther"]
[SourceDate "2023.06.12"]

1. d4 d5 2. c4 c6 3. cxd5 cxd5 4. Bf4 Nf6 5. e3 Nc6 6. Bb5 Bd7 7. Nc3 a6 8. Be2
e6 9. Nf3 Be7 10. h3 O-O 11. O-O Qa5 12. Qb3 b5 13. Rfc1 Rfc8 14. a4 b4 15. Nb1
Qd8 16. Nbd2 h6 17. Qd1 Be8 18. Nb3 Ne4 19. a5 Qd7 20. Nfd2 Nxd2 21. Qxd2 Qa7
22. Rc2 Bd7 23. Bd3 Bd8 24. Qe2 Ne7 25. Nc5 Bb5 26. Bxb5 axb5 27. Qxb5 Bxa5 28.
Nb3 Rxc2 29. Rxa5 Qxa5 30. Nxa5 Rxb2 31. g4 Rc8 32. Bg3 Ng6 33. h4 h5 34. Nc6
Rc2 35. gxh5 R2xc6 36. hxg6 fxg6 37. Qxb4 Kh7 38. Qe7 1-0

[Event "Transnational Rapid"]
[Site "Toronto CAN"]
[Date "2023.06.04"]
[Round "8.6"]
[White "Meshkovs, Nikita"]
[Black "Bartel, Mat"]
[Result "0-1"]
[WhiteElo "2573"]
[BlackElo "2609"]
[PlyCount "90"]
[EventDate "2023.06.03"]
[EventType "swiss (rapid)"]
[EventRounds "11"]
[EventCountry "CAN"]
[Source "Mark Crowther"]
[SourceDate "2023.06.12"]

1. Nf3 d5 2. c4 d4 3. g3 Nc6 4. d3 e5 5. Bg2 Be7 6. O-O Nf6 7. Na3 O-O 8. Bg5
Nd7 9. Bxe7 Qxe7 10. Nc2 a5 11. e3 Qf6 12. Nd2 Nc5 13. Nb3 Ne6 14. a4 Rd8 15.
e4 Ra6 16. Qd2 Rb6 17. Ra3 Qe7 18. f4 Nc5 19. Nxc5 Qxc5 20. b3 exf4 21. gxf4 f5
22. e5 Ne7 23. Raa1 Ng6 24. b4 axb4 25. a5 Ra6 26. Qxb4 Qa7 27. c5 Nh4 28. Bh1
Rg6+ 29. Kf2 Rg4 30. a6 bxa6 31. h3 Rxf4+ 32. Kg3 Rxf1 33. Rxf1 c6 34. Kxh4
Qe7+ 35. Kg3 Qxe5+ 36. Kf2 Qh2+ 37. Bg2 f4 38. Nxd4 Bxh3 39. Qc4+ Kh8 40. Rg1
Qg3+ 41. Kf1 Re8 42. Qc3 f3 43. Bxh3 Qxh3+ 44. Kf2 Qh2+ 45. Kf1 Re2 0-1